| 000 | 00439nam a22001577a 4500 | ||
|---|---|---|---|
| 999 |
_c17499 _d17499 |
||
| 008 | 190228b xxu||||| |||| 00| 0 eng d | ||
| 020 | _a8125928560 | ||
| 040 |
_aKABU _cKABU |
||
| 050 |
_aHF5686 _b.C8A76 2009 c. 1 |
||
| 100 | _aArora, MN | ||
| 245 |
_aEssentials of cost accounting _cMN Arora |
||
| 260 |
_aNew Delhi _bVikas Publishng House _c2009 |
||
| 300 | _av, 7.35 p. | ||
| 650 | _aCost accounting | ||
| 942 |
_2lcc _cBK _hHF5686 |
||